LEADER 01070nam a2200253 i 4500 001 000000042574 003 CaOOAMICUS 005 20090723000000.0 008 090723s1943 it u000 u ita u 013 $a13744 040 $aSeMil$bita 100 1 $aFanfani, Ludovico,$c.$0(OLS)http://semarc/name/1470 245 10$aDio Uno, Dio Trino, Dio Creatore, l'uomo, gli angeli /$cLudovico Fanfani. 260 $aRoma :$bS.A.L.E.S.,$c1943. 300 $a435 p. ;$c20 cm. 650 4$aUomo - Teologia.$0(OLS)http://semarc/subject/5607 650 4$aTrinità.$0(OLS)http://semarc/subject/940 650 4$aAngeli - Teologia.$0(OLS)http://semarc/subject/8032 773 0 $aFanfani, Ludovico $tTeologia per tutti.$dRoma : S.A.L.E.S., 1943-1946.$gVol.1$w()1629 850 $aSeMil 852 $aSeMil$W1$xVenegono$y1$m2B I 100$j8729$B8729$CSeMilBibl$Z2$F8729 $81 961 $aRecupero: Altro 996 $6245$aDio Uno, Dio Trino, Dio Creatore, l'uomo, gli angeli$9(OLS)http://semarc/title/62143 996 $6260$aRoma :$bS.A.L.E.S.$9(OLS)http://semarc/publisher/30324 LEADER 01452nam a2200301 i 4500 001 000000109404 003 CaOOAMICUS 005 20080306000000.0 008 080306s1993 it u000 u ita u 013 $a82084 020 $a88-343-0542-6 040 $aSeMil$bita 100 1 $aReale, Giovanni,$d<1931-2014>.$0(OLS)http://semarc/name/74 245 13$aIl concetto di filosofia prima e l'unità della metafisica di Aristotele :$bcon due saggi sui concetti di potenza-atto e di essere /$cGiovanni Reale. 250 $a5. ed. 260 $aMilano :$bVita e Pensiero,$c1993. 300 $aXL, 473 p. ;$c25 cm. 490 0 $aTemi metafisici e problemi del pensiero antico : studi e testi ;$v26 500 $aContiene : [2] Appendici. - Fondo Card. C.M. Martini. 650 4$aAristotele <384-322 a.C.> . Metafisica.$0(OLS)http://semarc/subject/1263 830 0$aTemi metafisici e problemi del pensiero antico ;$v26.$0(OLS)http://semarc/title/109 850 $aSeMil 852 $aSeMil$W1$xVenegono$y1$m2R V 346$j65399$B65399$CSeMilBibl$Z2$F77135 $81 941 1 $a4 961 $aOmaggio: Martini Card. Carlo Maria 996 $6020$a88-343-0542-6$9(OLS)http://semarc/number/90747 996 $6245$aIl concetto di filosofia prima e l'unità della metafisica di Aristotele :$bcon due saggi sui concetti di potenza-atto e di essere$9(OLS)http://semarc/title/158825 996 $6260$aMilano :$bVita e Pensiero$9(OLS)http://semarc/publisher/29642